| 000 | 00806nam a22002177a 4500 | ||
|---|---|---|---|
| 005 | 20110930150139.0 | ||
| 010 | _aG-001678 | ||
| 020 | _a9788190428514 | ||
| 035 | 1 | d | _aG-001678 |
| 037 | _bGift | ||
| 082 | _a299.93 | ||
| 100 |
_aAlvanhov, Omraam Mikhael _935121 |
||
| 245 |
_aThe power of thought / _cby Omraam Mihael Alvanhov |
||
| 260 |
_aDelhi _bVij Books Store _c2008 |
||
| 270 |
_a4675-A/21, (Back Side) Ansari Road, Darya Ganj _bNew Delhi _e110002 |
||
| 300 |
_a227p. _c18cm(pbk) |
||
| 490 |
_aIzvor collection - No. 224 _935122 |
||
| 942 |
_2ddc _cEN _h299.93 _mALV |
||
| 999 |
_c57203 _d57203 |
||